00236nam a2200097Ia 4500008004100000100001500041245004200056260001400098260000900112999001700121170617s9999 xx 000 0 und d aKalia- A.N 0aText book of Industrial Pharmacognosy bC B S Pub c2009 c15340d15340